000 00989cam a22002533a 4500
001 529
003 PGUSA
005 20140828082949.0
008 960501s1996||||xxu|||||s|||||000 | eng d
040 _aPGUSA
_beng
042 _adc
050 4 _aND
100 1 _aSteedman, Amy
245 1 0 _aKnights of Art :
_bStories of the Italian Painters
_h[electronic resource] /
_cAmy Steedman
260 _bProject Gutenberg,
_c1996
505 0 _aGiotto -- Fra Angelico -- Masaccio -- Fra Filippo Lippi -- Sandro Botticelli -- Domenico Ghirlandaio -- Filippino Lippi -- Pietro Perugino -- Leonardo da Vinci -- Raphael -- Michelangelo -- Andrea del Sarto -- The Bellini -- Vittore Carpaccio -- Giorgione -- Titian -- Tintoretto -- Paul Veronese.
506 _aPublic domain in the USA.
516 _aElectronic text
653 _aPainters -- Italy
653 _aArt -- Juvenile literature
830 0 _aProject Gutenberg
_v529
856 4 0 _uhttp://www.gutenberg.org/ebooks/529
942 _cEB
999 _c229880
_d229880